000 00558nam a22001817a 4500
001 TVUNI
005 20260126014635.0
008 221102s2013 vm vie d
020 _c25000
040 _aTVUNI
_eAACR2
041 0 _avie
110 2 _aHọc viện ngân hàng, khoa tài chính
245 1 0 _aHệ thống câu hỏi -bài tập thuế /
_cHọc viện ngân hàng, khoa tài chính
260 _aHà Nội :
_bHọc viện ngân hàng, khoa Tài Chính,
_c2013
300 _a164 tr. ;
_c21 cm.
942 _2ddc
_cBK
999 _c2112
_d2112
912 _a1
_bHiển Phạm